000
00252nam a22001097a 4500
082
_a
621.37BHA
100
_a
Bhar D
245
_a
Electrical meaurements and measuring intrumentataion
260
_a
New Delhi
_b
Oxford
_c
1985
300
_a
261
942
_c
BK
999
_c
13960
_d
13960